| 000 | 00610nam a2200217Ia 4500 | ||
|---|---|---|---|
| 005 | 20140407103544.0 | ||
| 008 | 140130s9999 xx 000 0 und d | ||
| 020 | _a9788953912069 | ||
| 050 |
_aRK 63 _b.K38 2003 |
||
| 100 |
_aKatz, Bobbi. _931372 |
||
| 245 |
_cBobbi Katz. _aMake way for tooth decay (w/cd) / |
||
| 260 |
_bScholastic Inc., _cc2003. _aUSA : |
||
| 300 |
_a30 p. : _bcol. ill. ; _c23 cm. |
||
| 440 | _v1 | ||
| 521 | _aG1 | ||
| 526 | _c210 | ||
| 650 |
_aDental caries _xJuvenile literature. _931373 |
||
| 650 |
_aBacteria _xJuvenile literature. _931374 |
||
| 942 |
_cBK _2lcc |
||
| 999 |
_c41690 _d41690 |
||